Slovenskí študenti a podnikanie

Dôležitosť podnikania v kontexte študentov vysokých škôl. Pohľad na podnikanie študentov slovenských vysokých škôl optikou medzinárodného výskumného projektu GUESSS, do ktorého bolo zapojené aj Slovensko. Kariérne plány a podnikateľská aktivita slovenských vysokoškolákov. Vplyv vzdelávania na rozvoj...

Descripción completa

Guardado en:
Detalles Bibliográficos
Autor principal: Holienka, Marián
Formato: Capítulo de libro
Lenguaje:eslovaco
Materias:
Etiquetas: Agregar Etiqueta
Sin Etiquetas, Sea el primero en etiquetar este registro!

MARC

LEADER 00000naa a2200000 4500
001 0246621
005 20190215091408.1
041 0 |a slo 
044 |a SK 
245 1 0 |a Slovenskí študenti a podnikanie  |c Marián Holienka 
520 |a Dôležitosť podnikania v kontexte študentov vysokých škôl. Pohľad na podnikanie študentov slovenských vysokých škôl optikou medzinárodného výskumného projektu GUESSS, do ktorého bolo zapojené aj Slovensko. Kariérne plány a podnikateľská aktivita slovenských vysokoškolákov. Vplyv vzdelávania na rozvoj podnikateľských charakteristík. Zhrnutie zistení. 
610 2 0 |a podnikanie 
610 2 0 |a študenti 
610 2 0 |a školy vysoké 
610 2 0 |a univerzity 
610 2 0 |a práca 
610 2 0 |a kariéra 
610 2 0 |a prieskum 
100 1 |a Holienka, Marián